Bibliographie avec quels livres les espagnols apprenaient de le français (Record no. 148647)

MARC details
000 -LEADER
campo de control de longitud fija 00625nam a2200181 4500
001 - NÚMERO DE CONTROL
campo de control 148647
003 - IDENTIFICADOR DE NÚMERO DE CONTROL
campo de control ES-MaACL
005 - FECHA Y HORA DE LA ÚLTIMA TRANSACCIÓN
campo de control 20240314063030.0
007 - CAMPO FIJO DE DESCRIPCIÓN FÍSICA--INFORMACIÓN GENERAL
campo de control de longitud fija t|
008 - DATOS DE LONGITUD FIJA--INFORMACIÓN GENERAL
campo de control de longitud fija 070214s1961 fr r ||||1| fre d
100 1# - ENTRADA PRINCIPAL--NOMBRE DE PERSONA
Nombre de persona Suárez Gómez, Gonzalo
9 (RLIN) 108625
245 10 - MENCIÓN DEL TÍTULO
Título Bibliographie avec quels livres les espagnols apprenaient de le français
Resto del título : (1520-1850) /
Mención de responsabilidad, etc. Gonzalo Suárez Gómez.
260 ## - PUBLICACIÓN, DISTRIBUCIÓN, ETC.
Lugar de publicación, distribución, etc. Paris :
Nombre del editor, distribuidor, etc. Libraire Marcel Didier,
Fecha de publicación, distribución, etc. 1961.
300 ## - DESCRIPCIÓN FÍSICA
Extensión 24 h. ;
Dimensiones 23 cm.
500 ## - NOTA GENERAL
Nota general es tirada aparte de Revue de Littérature Comparée, 1961.
852 ## - LOCALIZACIÓN
Ubicación ES-MaACL
Número de control de estantería A-5907
Sublocalización o colección R.94922
Holdings
Estatus retirado Estado de pérdida Estado de daño No para préstamo Biblioteca de origen Biblioteca actual Ubicación en estantería Fecha de adquisición Fuente de adquisición Total de préstamos Signatura topográfica completa Código de barras Visto por última vez Precio de reemplazo Tipo de ítem Koha
        Biblioteca del Ateneo de Madrid Biblioteca del Ateneo de Madrid Sala Pecera Planta 1 17/01/2008     A-5907 1155121 23/02/2023 23/02/2023 Libro impreso